00401nam a2200145 i 450000100060000000300090000600500170001500700030003200800410003510000240007624500710010026000420017130000210021385200210023437186ES-MaACL20230906155524.0t|030220s1915 mx ||||1| spa d1 aBustamante, Luis F.13aLa defensa de El Ebano b: los libertarios / cLuis F. Bustamante. aTampico (México) : bTampa, c1915. a25 p. ; c28 cm. aES-MaACLjF-1504